Guess the 2010s Song from the Music Video - Statistics

General Stats
  • This quiz has been taken 75 times
  • The average score is 9 of 16
Answer Stats
Picture Answer % Correct
Miley Cyrus / Wrecking Ball
97%
Gangnam Style / Psy
95%
Chandelier / Sia
87%
Eminem / Love The Way You Lie / Rihanna
82%
Luis Fonsi / Despacito / Daddy Yankee
79%
Billie Eilish / Khalid / lovely
76%
Maroon 5 / Moves Like Jagger / Christina Aguilera
71%
Somebody That I Used to Know / Gotye / Kimbra
71%
We Found Love / Rihanna / Calvin Harris
50%
OneRepublic / Counting Stars
42%
Pink / Lily Allen / True Love
39%
Katy Perry / Teenage Dream
37%
MAGIC! / Rude
29%
Closer / Halsey / Chainsmokers
27%
Fun./ We Are Young / Janelle Monáe
24%
Calvin Harris & Disciples / How Deep Is Your Love
15%
No matching quizzes found
Score Distribution
Percent of People with Each Score
Percentile by Number Answered
Your Score History
You have not taken this quiz